00506nam a2200181I 45000010005000000030008000050050017000130080041000300350018000710400033000890410008001220820020001301000032001502450064001822600038002463000025002846500015003096024BD-RjUL20211208234154.0140108s1948 eng d a(BD-RjUL)6063 cCSUdm.c.dBOSaBD-RjULbeng aeng00a370.1bMCT 19481 aMcGrath, Earl James,d1902-10aToward general education /cby Earl J. McGrath [and others] aNew York :bMacmillan Co.,c1948. avii, 224 p. ;c20cm. 0aEducation.